Normal view
MARC view
Entry Personal Name
001 - CONTROL NUMBER
- control field: 59066
003 - CONTROL NUMBER IDENTIFIER
- control field: OSt
005 - DATE AND TIME OF LATEST TRANSACTION
- control field: 20260218123518.0
008 - FIXED-LENGTH DATA ELEMENTS
- fixed length control field: 260218|| aca||aabn | a|a d
040 ## - CATALOGING SOURCE
- Original cataloging agency: OSt
- Transcribing agency: OSt
100 ## - HEADING--PERSONAL NAME
- Personal name: Verma, Sandeep
670 ## - SOURCE DATA FOUND
- Source citation: Work cat.: (OSt)527895: Verma, Sandeep , Reforming arbitration and dispute settlement in public contracts in India: Importing useful lessons from Antrix Devas
